মুখোমুখি/ (Record no. 110653)
[ view plain ]
| 000 -LEADER | |
|---|---|
| fixed length control field | 00726nam a2200217 a 4500 |
| 001 - CONTROL NUMBER | |
| control field | 004014 |
| 003 - CONTROL NUMBER IDENTIFIER | |
| control field | BD-ChCU |
| 005 - DATE AND TIME OF LATEST TRANSACTION | |
| control field | 20260101112808.0 |
| 008 - FIXED-LENGTH DATA ELEMENTS--GENERAL INFORMATION | |
| fixed length control field | 260101 Ben |
| 040 ## - CATALOGING SOURCE | |
| Original cataloging agency | DLC |
| Transcribing agency | DLC |
| Modifying agency | BD-ChCU |
| 082 00 - DEWEY DECIMAL CLASSIFICATION NUMBER | |
| Classification number | ৮১৩.০১৮ রায় ৭৬ মু |
| 100 ## - MAIN ENTRY--PERSONAL NAME | |
| Personal name | রায,ঘোষ |
| Numeration | - |
| 9 (RLIN) | 18521 |
| 245 10 - TITLE STATEMENT | |
| Title | মুখোমুখি/ |
| Remainder of title | - |
| Statement of responsibility, etc. | ঘোষ রায |
| 250 ## - EDITION STATEMENT | |
| Edition statement | *** |
| 260 ## - PUBLICATION, DISTRIBUTION, ETC. | |
| Place of publication, distribution, etc. | চট্টগ্রাম: |
| Name of publisher, distributor, etc. | প্রিয়াংকা প্রকা: |
| Date of publication, distribution, etc. | ১৯৯৪ |
| 300 ## - PHYSICAL DESCRIPTION | |
| Extent | ৮০পৃ. |
| 504 ## - BIBLIOGRAPHY, ETC. NOTE | |
| Bibliography, etc. note | - Biblio- |
| 650 #0 - SUBJECT ADDED ENTRY--TOPICAL TERM | |
| Topical term or geographic name entry element | বাংলা ছোট গল্প - আধুনিক যুগ, বাংলা ছোট গল্প |
| 9 (RLIN) | 18522 |
| 700 1# - ADDED ENTRY--PERSONAL NAME | |
| Personal name | - |
| 942 ## - ADDED ENTRY ELEMENTS (KOHA) | |
| Source of classification or shelving scheme | Dewey Decimal Classification |
| Koha item type | Books |
| Withdrawn status | Lost status | Source of classification or shelving scheme | Damaged status | Not for loan | Home library | Current library | Shelving location | Date acquired | Source of acquisition | Total Checkouts | Full call number | Barcode | Date last seen | Price effective from | Koha item type | Public note |
|---|---|---|---|---|---|---|---|---|---|---|---|---|---|---|---|---|
| Dewey Decimal Classification | Chittagong University Library | Chittagong University Library | Rare Section | 01/01/2026 | অনুদান | ৮১৩.০১৮ রায় ৭৬ মু | 173978 | 01/01/2026 | 01/01/2026 | Books | ড. ভূঁইয়া মো: ইকবাল প্রদত্ত |